Buster and the giant pumpkin / (Record no. 5765)

MARC details
000 -LEADER
fixed length control field 01183cam a2200385 a 4500
001 - CONTROL NUMBER
control field 5765
003 - CONTROL NUMBER IDENTIFIER
control field FISKH
005 - DATE AND TIME OF LATEST TRANSACTION
control field 20250121111507.0
008 - FIXED-LENGTH DATA ELEMENTS--GENERAL INFORMATION
fixed length control field 040713s2005 nyua b 000 1 eng
010 ## - LIBRARY OF CONGRESS CONTROL NUMBER
LC control number 2004016163
020 ## - INTERNATIONAL STANDARD BOOK NUMBER
International Standard Book Number 0316158879
020 ## - INTERNATIONAL STANDARD BOOK NUMBER
International Standard Book Number 9780316001113
020 ## - INTERNATIONAL STANDARD BOOK NUMBER
International Standard Book Number 0316001112 (pbk.)
040 ## - CATALOGING SOURCE
Original cataloging agency DLC
Transcribing agency DLC
Modifying agency DLC
Language of cataloging eng
050 ## - LIBRARY OF CONGRESS CALL NUMBER
Classification number PZ7.B81618
082 ## - DEWEY DECIMAL CLASSIFICATION NUMBER
Classification number 557
100 1# - MAIN ENTRY--PERSONAL NAME
Personal name Brown, Marc
245 10 - TITLE STATEMENT
Title Buster and the giant pumpkin /
Statement of responsibility, etc. by Marc Brown.
260 ## - PUBLICATION, DISTRIBUTION, ETC.
Place of publication, distribution, etc. New York :
Name of publisher, distributor, etc. Little Brown,
Date of publication, distribution, etc. 2005.
300 ## - PHYSICAL DESCRIPTION
Extent 32 unnumbered pages :
Other physical details color illustrations ;
Dimensions 23 cm
440 #0 - SERIES STATEMENT/ADDED ENTRY--TITLE
Title Passport to reading.
Number of part/section of a work Level 1
500 ## - GENERAL NOTE
General note "Postcards from Buster."
500 ## - GENERAL NOTE
General note Includes detachable postcards and bookmark.
505 ## - FORMATTED CONTENTS NOTE
Formatted contents note J<br/>
520 ## - SUMMARY, ETC.
Summary, etc. Buster sends postcards to his friends back home when he goes to Oregon and learns about pumpkins.
521 8# - TARGET AUDIENCE NOTE
Target audience note 430<br/>
Source Lexile <br/>
521 8# - TARGET AUDIENCE NOTE
Target audience note J<br/>
Source Raz-Plus<br/>
650 #1 - SUBJECT ADDED ENTRY--TOPICAL TERM
Topical term or geographic name entry element Pumpkins
Form subdivision Fiction.
650 #1 - SUBJECT ADDED ENTRY--TOPICAL TERM
Topical term or geographic name entry element Rabbits
Form subdivision Fiction.
650 #1 - SUBJECT ADDED ENTRY--TOPICAL TERM
Topical term or geographic name entry element Postcards
Form subdivision Fiction.
651 #1 - SUBJECT ADDED ENTRY--GEOGRAPHIC NAME
Geographic name Seattle (Wash.)
Form subdivision Fiction.
906 ## - LOCAL DATA ELEMENT F, LDF (RLIN)
a 7
b cbc
c orignew
d 1
e ecip
f 20
g y-gencatlg
942 ## - ADDED ENTRY ELEMENTS (KOHA)
Source of classification or shelving scheme Dewey Decimal Classification
Koha item type Books
Suppress in OPAC No
Holdings
Withdrawn status Lost status Source of classification or shelving scheme Damaged status Not for loan Collection Home library Current library Shelving location Date acquired Total Checkouts Full call number Barcode Date last seen Price effective from Koha item type
    Dewey Decimal Classification     Juvenile Fiction Footprints International School Library Network Toul Kork Campus Footprints International School Library Network Toul Kork Campus TK Primary Library Room(4th Floor), Bookcase 1&2, Shelves 1-16, Dark Blue Books 01/21/2025   BRO 557 PZ7.B81618 FISTK00788 01/21/2025 01/21/2025 Books